Динамические факторы, обеспечивающие устойчивость маятниковых систем: автореферат диссертации на соискание ученой степени кандидата технических наук

Bibliografiske detaljer
Hovedforfatter: Глазачев А. В. Александр Владимирович
Institution som forfatter: Томский политехнический университет
Andre forfattere: Копытов В. И. Владимир Ильич (научный руководитель)
Sprog:russisk
Udgivet: Томск, [Б. и.], 2000
Fag:
Format: Bog
KOHA link:https://koha.lib.tpu.ru/cgi-bin/koha/opac-detail.pl?biblionumber=24357

MARC

LEADER 00000nam0a2200000 4500
001 24357
005 20231226105526.0
035 |a (RuTPU)RU\TPU\book\24584 
035 |a BOOK00024657 
090 |a 24357 
100 |a 20011209d2000 k y0rusy50 ca 
101 0 |a rus 
102 |a RU 
105 |a y dm 000zy 
200 1 |a Динамические факторы, обеспечивающие устойчивость маятниковых систем  |e автореферат диссертации на соискание ученой степени кандидата технических наук  |f А. В. Глазачев  |g Томский политехнический университет ; науч. рук. В. И. Копытов 
210 |a Томск  |c [Б. и.]  |d 2000 
215 |a 18 с. 
610 1 |a маятниковые системы 
610 1 |a динамика 
610 1 |a устойчивость 
610 1 |a точка подвеса 
610 1 |a гармонические вибрации 
610 1 |a вибрационные силы 
610 1 |a авторефераты диссертаций 
675 |a 531.5(04)  |v 3 
675 |a 531.36(04)  |v 3 
700 1 |a Глазачев  |b А. В.  |c специалист в области электроники  |c доцент Томского политехнического университета, кандидат технических наук  |f 1974-  |g Александр Владимирович  |3 (RuTPU)RU\TPU\pers\26444  |9 12147 
702 1 |a Копытов  |b В. И.  |c российский ученый, физик  |c заслуженный профессор Томского политехнического университета  |c профессор-консультант Томского политехнического университета, доктор технических наук  |f 1929-  |g Владимир Ильич  |3 (RuTPU)RU\TPU\pers\19805  |4 727 
712 0 2 |a Томский политехнический университет  |3 (RuTPU)RU\TPU\col\376 
801 0 |a RU  |b 63413507  |c 20011209  |g PSBO 
801 2 |a RU  |b 63413507  |c 20160219  |g PSBO 
942 |c BK